000 00682nam a2200241Ia 4500
005 20260430150018.0
008 008 250103s9999 xx 000 0 eng d
037 _aTheses
040 _aCRL
040 _beng
040 _ceng
041 _2eng
041 _aeng
084 _qCRL
100 _aSiddharth Sagar Au.; Navin Kumar Gu.
_91236198
245 3 _aAn exploration into social media usage and symptoms of psychiatric disorder among youth: a cross-sectional study
260 _c2021
300 _a149p.
650 _aPsychology
700 _aUniversity of Delhi. Faculty of Arts. Department of Psychology
_9169789
942 _cTH
999 _c1848727
_d1848727